Normal view
MARC view
- Saheeb Ahmed Kayani, Kayani, Saheeb Ahmed
Entry Personal Name
001 - CONTROL NUMBER
- control field: 57407
003 - CONTROL NUMBER IDENTIFIER
- control field: NUST
005 - DATE AND TIME OF LATEST TRANSACTION
- control field: 20210628201921.0
008 - FIXED-LENGTH DATA ELEMENTS
- fixed length control field: 210628|| aca||aabn | a|a d
040 ## - CATALOGING SOURCE
- Original cataloging agency: NUST
- Transcribing agency: NUST
100 ## - HEADING--PERSONAL NAME
- Personal name: Saheeb Ahmed Kayani, Kayani, Saheeb Ahmed
670 ## - SOURCE DATA FOUND
- Source citation: Work cat.: (NUST): Saheeb Ahmed Kayani, Kayani, Saheeb Ahmed, Case studies in materials characterization, archeo engineering testing and analysis, 2015
